000 00418nam a2200157Ia 4500
008 230711s9999||||xx |||||||||||||| ||und||
020 _a978-81-722-3643-4
041 _aENG
082 _a800
_bNA-S
100 _aNayar,Kuldip
245 0 _aScoop(inside stories from the partition to the present )
260 _c2006
_aNew Delhi
_bHarperCollins Publishers India
300 _a214
650 _aLiterature
942 _cBK
999 _c5223
_d5223